Statistics for National Parks with Tundra

Click here to take the quiz!

General Stats

  • This quiz has been taken 9 times
  • The average score is 16 of 23

Answer Stats

National Park% Correct
Rocky Mountain
100%
Yellowstone
100%
Glacier
89%
Grand Teton
89%
Mount Rainier
89%
Yosemite
89%
Denali
78%
Gates of the Arctic
78%
Katmai
78%
Wrangell-St Elias
78%
Glacier Bay
67%
Great Basin
67%
Olympic
67%
Hawaii Volcanoes
56%
Kings Canyon
56%
Lassen Volcanic
56%
North Cascades
56%
Sequoia
56%
Great Sand Dunes
44%
Haleakala
44%
Kenai Fjords
44%
Kobuk Valley
44%
Lake Clark
44%

Score Distribution

Percentile by Number Answered

Percent of People with Each Score

Your Score History

You have not taken this quiz